| 000 | 00785nam a22002417a 4500 | ||
|---|---|---|---|
| 005 | 20250327170251.0 | ||
| 008 | 250327b |||||||| |||| 00| 0 eng d | ||
| 020 | _a9781009048491 | ||
| 037 | _cREF | ||
| 040 |
_aLCT _cLCT |
||
| 041 |
_2eng _aeng |
||
| 084 | _aV2:2:(Z),d R1 | ||
| 100 | _aTushnet, Mark | ||
| 245 |
_aNew Fourth Branch _bInstitutions for Protecting Constitutional Democracy/ |
||
| 260 |
_aCambridge, UK: _bCambridge University Press, _c2021 |
||
| 300 | _aix, 186p. | ||
| 490 | _aComparative Constitutional Law and Policy | ||
| 650 |
_aAnticorruption agencies _9751567 |
||
| 650 |
_a Constitutional democracy _9751568 |
||
| 650 |
_aGovernment _9702413 |
||
| 650 |
_aFourth branch _9751569 |
||
| 942 |
_2CC _cREF _hV2:2:(Z),d R1 _n0 |
||
| 999 |
_c1308248 _d1308248 |
||